000 00680nam a2200229Ia 4500
005 20250508162828.0
008 008 250505s9999 xx 000 0 eng d
020 _a0-422-61380-0
037 _aTextual
040 _aFEDL
_beng
_cFEDL
041 _aeng
_2eng
084 _a150.195, ROI
_qFEDL
100 _aRoith Estelle
_9774131
245 0 _aRiddle of Freud: Jewish influences on his theory of female sexuality
260 _aLondon, UK
_bTavistock Publications Limited
_c1987
300 _a199p.
365 _aGBP
_b25
490 _aNew library of psychoanalysis 4
650 _aPsychology
942 _cTEXL
_h150.195, ROI
999 _c1378921
_d1378921